Survive! / (Record no. 8783)

MARC details
000 -LEADER
fixed length control field 01019nam a22002777a 4500
001 - CONTROL NUMBER
control field 8783
003 - CONTROL NUMBER IDENTIFIER
control field FISKH
005 - DATE AND TIME OF LATEST TRANSACTION
control field 20251020142733.0
008 - FIXED-LENGTH DATA ELEMENTS--GENERAL INFORMATION
fixed length control field 251020b cb ||||| |||| 00| 0 eng d
020 ## - INTERNATIONAL STANDARD BOOK NUMBER
International Standard Book Number 9780194234306
040 ## - CATALOGING SOURCE
Original cataloging agency FISKH
Language of cataloging eng
Transcribing agency FISKH
Modifying agency FISKH428.6 LCC PE1126.A4 B76
050 ## - LIBRARY OF CONGRESS CALL NUMBER
Classification number PE1126.A4 B76
082 ## - DEWEY DECIMAL CLASSIFICATION NUMBER
Classification number 428.6
100 ## - MAIN ENTRY--PERSONAL NAME
Personal name Brooke, Helen
Relator term Author
245 ## - TITLE STATEMENT
Title Survive! /
Statement of responsibility, etc. Illustrated by Andy Parker
260 ## - PUBLICATION, DISTRIBUTION, ETC.
Place of publication, distribution, etc. Great Clarendon Street :
Name of publisher, distributor, etc. Oxford University ,
Date of publication, distribution, etc. 2002
300 ## - PHYSICAL DESCRIPTION
Extent 40 pages :
Other physical details color illustrations ;
Dimensions 20 cm
505 ## - FORMATTED CONTENTS NOTE
Formatted contents note G<br/>
520 ## - SUMMARY, ETC.
Summary, etc. You are in a small plane, going across the Rocky Mountains. Suddenly, the engine starts to make strange noises . . .Soon you are alone, in the snow, at the top of a mountain, and it is very, very cold. Can you find your way out of the mountain?
521 8# - TARGET AUDIENCE NOTE
Target audience note 340<br/>
Source Lexile<br/>
521 8# - TARGET AUDIENCE NOTE
Target audience note G<br/>
Source Raz-Plus<br/>
650 ## - SUBJECT ADDED ENTRY--TOPICAL TERM
Topical term or geographic name entry element Rocky mountains
Form subdivision Survival
700 ## - ADDED ENTRY--PERSONAL NAME
Personal name Parker, Andy
Relator term Illustrator
942 ## - ADDED ENTRY ELEMENTS (KOHA)
Source of classification or shelving scheme Dewey Decimal Classification
Koha item type Books
Suppress in OPAC No
Holdings
Withdrawn status Lost status Source of classification or shelving scheme Damaged status Not for loan Home library Current library Shelving location Date acquired Total Checkouts Full call number Barcode Date last seen Copy number Price effective from Koha item type
    Dewey Decimal Classification     Footprints International School Library Network Toul Tom Poung Campus Footprints International School Library Network Toul Tom Poung Campus TTP Primary Green Bookshelves 10/20/2025   BRO 428.6 PE1126.A4 B76 2025-4678 10/20/2025 1 10/20/2025 Books